000 00293nam a2200133Ia 4500
100 _aMontgomery/ Douglas/ C.
942 _cBK
654 _adesign
245 _aDesign & analysis of experiments
260 _bJohn wiley
_aSingapore
_c1991
300 _a649
546 _aENGLISH
999 _c30402
_d30402